Организация и планирование кредита : (Record no. 527360)
[ view plain ]
| 000 -LEADER | |
|---|---|
| fixed length control field | 00787nam a22002057a 4500 |
| 001 - CONTROL NUMBER | |
| control field | 1891769 |
| 003 - CONTROL NUMBER IDENTIFIER | |
| control field | AM-YEHGA |
| 005 - DATE AND TIME OF LATEST TRANSACTION | |
| control field | 20250617164645.0 |
| 008 - FIXED-LENGTH DATA ELEMENTS--GENERAL INFORMATION | |
| fixed length control field | 230317s1962 ru ||||gr|||||||||0|rus|d |
| 040 ## - CATALOGING SOURCE | |
| Original cataloging agency | AM-YeHGA |
| 041 0# - LANGUAGE CODE | |
| Language code of text/sound track or separate title | rus |
| 090 ## - LOCALLY ASSIGNED LC-TYPE CALL NUMBER (OCLC); LOCAL CALL NUMBER (RLIN) | |
| -- | 565347 |
| 245 00 - TITLE STATEMENT | |
| Title | Организация и планирование кредита : |
| Remainder of title | [Учеб. пособие для учетно-кредитных техникумов] / |
| Statement of responsibility, etc. | Авт. глав: Н.Д. Барковский, Т.А. Чернышова, В.И. Морсин и др. |
| 250 ## - EDITION STATEMENT | |
| Edition statement | 4-е изд. |
| 260 ## - PUBLICATION, DISTRIBUTION, ETC. | |
| Place of publication, distribution, etc. | Москва : |
| Name of publisher, distributor, etc. | Госфиниздат, |
| Date of publication, distribution, etc. | 1962. |
| 300 ## - PHYSICAL DESCRIPTION | |
| Extent | 299 с. |
| 650 14 - SUBJECT ADDED ENTRY--TOPICAL TERM | |
| Topical term or geographic name entry element | Кредит СССР - Учебники и пособия |
| 700 1# - ADDED ENTRY--PERSONAL NAME | |
| Personal name | Барковский, Н.Д. |
| 942 ## - ADDED ENTRY ELEMENTS (KOHA) | |
| Source of classification or shelving scheme | Universal Decimal Classification |
| Koha item type | Գրքեր / Books |
| Withdrawn status | Lost status | Source of classification or shelving scheme | Damaged status | Not for loan | Collection | Home library | Current library | Date acquired | Total checkouts | Full call number | Barcode | Date last seen | Price effective from | Koha item type | Public note |
|---|---|---|---|---|---|---|---|---|---|---|---|---|---|---|---|
| Universal Decimal Classification | General | Fundamental Scientific Library | Fundamental Scientific Library | 17/03/2023 | PII/73764 | FL0679613 | 17/03/2023 | 17/03/2023 | Գրքեր / Books | 30 Days Loan |
ՀՀ Գիտությունների ազգային ակադեմիայի հիմնարար գիտական գրադարան = Fundamental Scientific Library of NAS RA
All site content, except where otherwise noted, is licensed under a